| 000 | 00593nam a2200241Ia 4500 | ||
|---|---|---|---|
| 003 | OSt | ||
| 005 | 20221005120010.0 | ||
| 006 | a|||||r|||| 00| 0 | ||
| 007 | ta | ||
| 008 | 221004b |||||||| |||| 00| 0 eng d | ||
| 024 | _a53841 | ||
| 037 | _cTextual | ||
| 040 |
_aCRL _cCRL _beng |
||
| 041 |
_2eng _aeng |
||
| 082 | _aTz7, H6 | ||
| 100 | _aMunshi K M | ||
| 245 | 0 |
_aCreative art of life _bStudies in education. |
|
| 260 | _c1946 | ||
| 490 | _aBharatiya Vidya Studies,5 | ||
| 650 | _aEDUCATION | ||
| 942 |
_hTz7, H6 _cTEXL _2cc |
||
| 999 |
_c1036520 _d1036520 |
||